00414 2200157 4500001002100000005001500021035002000036245005400056100002100110250001800131300002900149260003400178082000800212084001400220020002200234INLIS00000000001728820260604095858 a0010-06260000101 aANTROPOLOGI HUKUM KONTEMPORER /cERDIANTO EFFENDI0 aERDIANTO EFFENDI aCetakan Kedua ax, 152 hlm ;c15 x 23 cm aDEPOK :bRAJAWALI PERS,c2024 a306 a306 ERD a a978-623-08-0336-9